[Event "1st Sivas Buruciye Open 2019"]
[Site "Sivas"]
[Date "2019.08.21"]
[Round "5"]
[White "Saraci, Nderim"]
[Black "Temizkan, Denizcan"]
[Result "1-0"]
[WhiteElo "2398"]
[BlackElo "2175"]
[Annotator "NA"]
[PlyCount "87"]
[EventDate "2019.08.19"]
[EventType "swiss"]
[EventCountry "TUR"]
[SourceTitle "playchess.com"]
[Source "ChessBase"]
[SourceQuality "1"]
[TimeControl "5400+30"]

1. e4 {[%emt 0:00:30]} e5 {[%emt 0:00:30]} 2. Nf3 {[%emt 0:00:30]} Nc6 {[%emt 0:00:30]} 3. Bc4 {[%emt 0:00:30]} Be7 {[%emt 0:00:30]} 4. O-O {[%emt 0:00:30]} Nf6 {[%emt 0:00:00]} 5. d4 {[%emt 0:01:30]} d6 {[%emt 0:03:00]} 6. Re1 {[%emt 0:04:30]} O-O {[%emt 0:00:30]} 7. h3 {[%emt 0:00:30]} h6 {[%emt 0:04:30]} 8. Nc3 {[%emt 0:04:30]} Nh7 {[%emt 0:14:30]} 9. Nd5 {[%emt 0:04:30]} Ng5 {[%emt 0:02:30]} 10. Nxe7+ {[%emt 0:00:30]} Qxe7 {[%emt 0:00:30]} 11. Nxg5 {[%emt 0:04:30]} hxg5 {[%emt 0:00:00]} 12. Qh5 {[%emt 0:04:30]} exd4 {[%emt 0:35:00]} 13. Bxg5 {[%emt 0:00:30]} Qe5 {[%emt 0:00:30]} 14. Bd5 {[%emt 0:15:30]} Be6 {[%emt 0:03:30]} 15. f4 {[%emt 0:02:30]} g6 {[%emt 0:00:30]} 16. Qh4 {[%emt 0:09:30]} Qh8 {[%emt 0:01:30]} 17. Qxh8+ {[%emt 0:00:30]} Kxh8 {[%emt 0:00:00]} 18. Bf6+ {[%emt 0:00:30]} Kg8 {[%emt 0:00:00]} 19. a3 {[%emt 0:01:30]} Rfe8 {[%emt 0:01:30]} 20. Kf2 {[%emt 0:01:30]} Ne7 {[%emt 0:05:30]} 21. Bxe6 {[%emt 0:04:30]} fxe6 {[%emt 0:00:30]} 22. Bxd4 {[%emt 0:00:30]} Rf8 {[%emt 0:00:00]} 23. Kg3 {[%emt 0:01:30]} Rf7 {[%emt 0:05:00]} 24. Kg4 {[%emt 0:01:30]} Raf8 {[%emt 0:00:30]} 25. g3 {[%emt 0:00:00]} c5 {[%emt 0:06:08]} 26. Be3 {[%emt 0:02:00]} Nc6 {[%emt 0:00:23]} 27. Rad1 {[%emt 0:00:30]} Rd8 {[%emt 0:00:05]} 28. e5 {[%emt 0:04:30]} dxe5 {[%emt 0:00:20]} 29. Rxd8+ {[%emt 0:00:30]} Nxd8 {[%emt 0:00:04]} 30. fxe5 {[%emt 0:05:30]} b6 {[%emt 0:01:52]} 31. Bf4 {[%emt 0:06:04]} Nc6 {[%emt 0:00:40]} 32. h4 {[%emt 0:01:51]} Rf5 {[%emt 0:01:18]} 33. c3 {[%emt 0:01:03]} Ne7 {[%emt 0:00:32]} 34. Kf3 {[%emt 0:02:46]} Nd5 {[%emt 0:01:20]} 35. c4 {[%emt 0:01:17]} Ne7 {[%emt 0:00:04]} 36. Rd1 {[%emt 0:01:26]} Nc6 {[%emt 0:00:06]} 37. Ke4 {[%emt 0:00:03]} Nd4 {[%emt 0:01:56]} 38. b4 {[%emt 0:02:00]} a5 {[%emt 0:02:49]} 39. bxc5 {[%emt 0:00:45]} bxc5 {[%emt 0:00:04]} 40. Rb1 {[%emt 0:00:36]} Rf7 {[%emt 0:01:53]} 41. Rb8+ {[%emt 0:00:48]} Rf8 {[%emt 0:00:43]} 42. Rxf8+ {[%emt 0:00:43]} Kxf8 {[%emt 0:00:06]} 43. Be3 {[%emt 0:00:14]} Nb3 {[%emt 0:00:34]} 44. a4 {[%emt 0:00:14]} 1-0

[Event "1st Sivas Buruciye Open 2019"]
[Site "Sivas"]
[Date "2019.08.21"]
[Round "5"]
[White "Lortkipanidze, Nodar"]
[Black "Tofan, Ibrahim"]
[Result "1-0"]
[WhiteElo "2336"]
[BlackElo "2055"]
[Annotator "NA"]
[PlyCount "33"]
[EventDate "2019.08.19"]
[EventType "swiss"]
[EventCountry "TUR"]
[SourceTitle "playchess.com"]
[Source "ChessBase"]
[SourceQuality "1"]
[TimeControl "5400+30"]

1. e4 {[%emt 0:00:30]} e5 {[%emt 0:00:30]} 2. Nc3 {[%emt 0:00:30]} Nc6 {[%emt 0:00:30]} 3. f4 {[%emt 0:00:30]} Bc5 {[%emt 0:00:30]} 4. fxe5 {[%emt 0:02:30]} Qe7 {[%emt 0:08:30]} 5. Nf3 {[%emt 0:01:30]} Nxe5 {[%emt 0:00:30]} 6. Nd5 {[%emt 0:00:00]} Nxf3+ {[%emt 0:05:30]} 7. Qxf3 {[%emt 0:00:00]} Qh4+ {[%emt 0:00:30]} 8. g3 {[%emt 0:00:30]} Qd8 {[%emt 0:00:30]} 9. Qc3 {[%emt 0:00:30]} c6 {[%emt 0:08:30]} 10. Qxg7 {[%emt 0:00:30]} cxd5 {[%emt 0:00:30]} 11. Qxh8 {[%emt 0:00:30]} Ke7 {[%emt 0:12:30]} 12. d4 {[%emt 0:00:30]} Bb6 {[%emt 0:01:30]} 13. Bg5+ {[%emt 0:00:30]} f6 {[%emt 0:00:30]} 14. Qg7+ {[%emt 0:00:30]} Ke6 {[%emt 0:01:30]} 15. exd5+ {[%emt 0:00:30]} Kxd5 {[%emt 0:01:30]} 16. Qf7+ {[%emt 0:00:00]} Kc6 {[%emt 0:01:30]} 17. Bb5+ {[%emt 0:01:00]} 1-0

[Event "1st Sivas Buruciye Open 2019"]
[Site "Sivas"]
[Date "2019.08.21"]
[Round "5"]
[White "Babayev, Talib"]
[Black "Annaberdiev, Meilis"]
[Result "0-1"]
[WhiteElo "2288"]
[BlackElo "2518"]
[Annotator "ChessBase"]
[PlyCount "100"]
[EventDate "2019.08.19"]
[EventType "swiss"]
[EventCountry "TUR"]
[SourceTitle "playchess.com"]
[Source "ChessBase"]
[SourceQuality "1"]
[TimeControl "5400+30"]

1. e4 {[%emt 0:00:30]} c5 {[%emt 0:00:30]} 2. Nf3 {[%emt 0:00:30]} e6 {[%emt 0:00:30]} 3. d4 {[%emt 0:00:30]} cxd4 {[%emt 0:00:30]} 4. Nxd4 {[%emt 0:00:30]} a6 {[%emt 0:00:30]} 5. Bd3 {[%emt 0:00:30]} g6 {[%emt 0:00:30]} 6. Be3 {[%emt 0:00:30]} Bg7 {[%emt 0:00:30]} 7. O-O {[%emt 0:00:30]} Ne7 {[%emt 0:00:00]} 8. Nd2 {[%emt 0:00:00]} O-O {[%emt 0:00:00]} 9. c3 {[%emt 0:00:00]} d5 {[%emt 0:00:00]} 10. Qe2 {[%emt 0:00:30]} Nd7 {[%emt 0:15:00]} 11. Bg5 {[%emt 0:02:30]} Nc5 {[%emt 0:09:30]} 12. exd5 {[%emt 0:00:30]} f6 {[%emt 0:02:30]} 13. Bh4 {[%emt 0:07:30]} Nxd3 {[%emt 0:02:30]} 14. Qxd3 {[%emt 0:00:00]} e5 {[%emt 0:01:30]} 15. N4b3 {[%emt 0:01:00]} Qxd5 {[%emt 0:02:30]} 16. Qxd5+ {[%emt 0:07:30]} Nxd5 {[%emt 0:00:30]} 17. Nc4 {[%emt 0:00:30]} b6 {[%emt 0:05:30]} 18. Rad1 {[%emt 0:03:30]} Be6 {[%emt 0:03:30]} 19. Rfe1 {[%emt 0:00:30]} Nxc3 {[%emt 0:03:30]} 20. Nxb6 {[%emt 0:03:30]} Nxd1 {[%emt 0:01:30]} 21. Nxa8 {[%emt 0:00:00]} Bxb3 {[%emt 0:07:30]} 22. axb3 {[%emt 0:00:00]} Nxf2 {[%emt 0:00:00]} 23. Nc7 {[%emt 0:03:30]} Nd3 {[%emt 0:00:00]} 24. Rd1 {[%emt 0:00:30]} e4 {[%emt 0:00:30]} 25. Nxa6 {[%emt 0:02:30]} Rc8 {[%emt 0:00:00]} 26. b4 {[%emt 0:01:30]} f5 {[%emt 0:00:00]} 27. b5 {[%emt 0:07:30]} Bd4+ {[%emt 0:15:30]} 28. Kf1 {[%emt 0:02:30]} Bb6 {[%emt 0:00:30]} 29. b4 {[%emt 0:03:30]} Rc2 {[%emt 0:00:30]} 30. Nc5 {[%emt 0:04:30]} Nxc5 {[%emt 0:12:37]} 31. bxc5 {[%emt 0:00:30]} Bxc5 {[%emt 0:00:15]} 32. Rd5 {[%emt 0:09:30]} e3 {[%emt 0:01:39]} 33. Re5 {[%emt 0:00:30]} Bd4 {[%emt 0:00:16]} 34. Re6 {[%emt 0:01:30]} Kf7 {[%emt 0:01:05]} 35. Re7+ {[%emt 0:00:30]} Kf8 {[%emt 0:00:00]} 36. Re6 {[%emt 0:07:30]} Rb2 {[%emt 0:00:03]} 37. h3 {[%emt 0:01:30]} h6 {[%emt 0:01:51]} 38. g4 {[%emt 0:01:30]} g5 {[%emt 0:01:53]} 39. Be1 {[%emt 0:00:00]} f4 {[%emt 0:00:35]} 40. Re4 {[%emt 0:00:00]} Bc5 {[%emt 0:04:34]} 41. Re5 {[%emt 0:01:30]} Bb6 {[%emt 0:00:21]} 42. h4 {[%emt 0:04:30]} gxh4 {[%emt 0:03:01]} 43. Re6 {[%emt 0:00:00]} Bd8 {[%emt 0:05:12]} 44. Rxh6 {[%emt 0:02:00]} Rb1 {[%emt 0:01:15]} 45. Rh8+ {[%emt 0:03:30]} Ke7 {[%emt 0:01:03]} 46. Ke2 {[%emt 0:01:30]} Rxe1+ {[%emt 0:00:23]} 47. Kxe1 {[%emt 0:00:30]} f3 {[%emt 0:00:00]} 48. Rh7+ {[%emt 0:01:42]} Kd6 {[%emt 0:00:29]} 49. Ra7 {[%emt 0:00:30]} h3 {[%emt 0:00:00]} 50. g5 {[%emt 0:03:49]} h2 {[%emt 0:00:36]} 0-1

[Event "1st Sivas Buruciye Open 2019"]
[Site "Sivas"]
[Date "2019.08.21"]
[Round "5"]
[White "Aliyev, Rasim"]
[Black "Abdulov, Orkhan"]
[Result "1/2-1/2"]
[WhiteElo "2139"]
[BlackElo "2397"]
[Annotator "NA"]
[PlyCount "97"]
[EventDate "2019.08.19"]
[EventType "swiss"]
[EventCountry "TUR"]
[SourceTitle "playchess.com"]
[Source "ChessBase"]
[SourceQuality "1"]
[TimeControl "5400+30"]

1. e4 {[%emt 0:00:30]} e5 {[%emt 0:09:30]} 2. Nf3 {[%emt 0:00:00]} Nc6 {[%emt 0:00:30]} 3. Bb5 {[%emt 0:00:00]} a6 {[%emt 0:00:00]} 4. Ba4 {[%emt 0:00:00]} Nge7 {[%emt 0:00:00]} 5. O-O {[%emt 0:01:00]} g6 {[%emt 0:00:30]} 6. d4 {[%emt 0:01:30]} exd4 {[%emt 0:04:30]} 7. Nxd4 {[%emt 0:01:30]} b5 {[%emt 0:00:30]} 8. Bb3 {[%emt 0:00:30]} Bg7 {[%emt 0:00:30]} 9. c3 {[%emt 0:00:30]} O-O {[%emt 0:00:30]} 10. Bg5 {[%emt 0:00:30]} Na5 {[%emt 0:02:30]} 11. Nd2 {[%emt 0:05:30]} Nxb3 {[%emt 0:02:30]} 12. N2xb3 {[%emt 0:03:30]} f6 {[%emt 0:03:30]} 13. Bh4 {[%emt 0:04:30]} d6 {[%emt 0:02:30]} 14. Re1 {[%emt 0:05:30]} Qd7 {[%emt 0:00:30]} 15. Qc2 {[%emt 0:04:30]} a5 {[%emt 0:08:30]} 16. c4 {[%emt 0:09:30]} a4 {[%emt 0:03:30]} 17. Nd2 {[%emt 0:01:30]} g5 {[%emt 0:00:30]} 18. Bg3 {[%emt 0:01:30]} f5 {[%emt 0:00:30]} 19. exf5 {[%emt 0:17:30]} Bxd4 {[%emt 0:05:30]} 20. Qe4 {[%emt 0:00:30]} Bxb2 {[%emt 0:07:30]} 21. Rab1 {[%emt 0:00:30]} d5 {[%emt 0:11:30]} 22. cxd5 {[%emt 0:08:30]} Bc3 {[%emt 0:03:30]} 23. d6 {[%emt 0:03:30]} cxd6 {[%emt 0:01:30]} 24. Qxa8 {[%emt 0:09:30]} Bb7 {[%emt 0:01:30]} 25. Qa7 {[%emt 0:00:30]} Bxd2 {[%emt 0:00:30]} 26. Red1 {[%emt 0:00:30]} Bf4 {[%emt 0:00:30]} 27. Bxf4 {[%emt 0:01:08]} gxf4 {[%emt 0:00:30]} 28. Qd4 {[%emt 0:00:54]} Rxf5 {[%emt 0:02:30]} 29. Qxd6 {[%emt 0:02:10]} Qxd6 {[%emt 0:01:30]} 30. Rxd6 {[%emt 0:00:02]} Re5 {[%emt 0:00:30]} 31. f3 {[%emt 0:02:42]} Bc6 {[%emt 0:02:30]} 32. Rb2 {[%emt 0:07:59]} Be8 {[%emt 0:01:30]} 33. g3 {[%emt 0:01:56]} fxg3 {[%emt 0:03:30]} 34. hxg3 {[%emt 0:00:11]} Bf7 {[%emt 0:00:00]} 35. Kf2 {[%emt 0:00:35]} Bc4 {[%emt 0:00:00]} 36. f4 {[%emt 0:02:27]} Rh5 {[%emt 0:00:30]} 37. Kf3 {[%emt 0:01:07]} Rh1 {[%emt 0:00:00]} 38. g4 {[%emt 0:00:48]} Ra1 {[%emt 0:01:00]} 39. Rd7 {[%emt 0:01:31]} Kf8 {[%emt 0:01:30]} 40. Rh2 {[%emt 0:00:35]} Bd5+ {[%emt 0:04:35]} 41. Ke3 {[%emt 0:00:45]} Bg8 {[%emt 0:00:37]} 42. Rb2 {[%emt 0:02:04]} b4 {[%emt 0:01:54]} 43. Rxb4 {[%emt 0:01:18]} Nd5+ {[%emt 0:00:30]} 44. Rxd5 {[%emt 0:00:30]} Bxd5 {[%emt 0:00:30]} 45. Rxa4 {[%emt 0:00:30]} Bxa2 {[%emt 0:01:30]} 46. Ra5 {[%emt 0:00:00]} h6 {[%emt 0:01:00]} 47. Kf2 {[%emt 0:00:25]} Ke7 {[%emt 0:00:19]} 48. Kg3 {[%emt 0:00:47]} Kd7 {[%emt 0:00:09]} 49. Ra6 {[%emt 0:00:22]} 1/2-1/2

[Event "1st Sivas Buruciye Open 2019"]
[Site "Sivas"]
[Date "2019.08.21"]
[Round "5"]
[White "Rzayev, Chingiz"]
[Black "Barsov, Alexei"]
[Result "0-1"]
[WhiteElo "2098"]
[BlackElo "2383"]
[Annotator "NA"]
[PlyCount "62"]
[EventDate "2019.08.19"]
[EventType "swiss"]
[EventCountry "TUR"]
[SourceTitle "playchess.com"]
[Source "ChessBase"]
[SourceQuality "1"]
[TimeControl "5400+30"]

1. e4 {[%emt 0:00:30]} e6 {[%emt 0:00:30]} 2. d4 {[%emt 0:00:30]} d5 {[%emt 0:02:30]} 3. exd5 {[%emt 0:00:00]} exd5 {[%emt 0:00:30]} 4. Bd3 {[%emt 0:00:00]} c5 {[%emt 0:00:30]} 5. dxc5 {[%emt 0:00:30]} Bxc5 {[%emt 0:00:30]} 6. Nf3 {[%emt 0:00:30]} Nf6 {[%emt 0:00:30]} 7. O-O {[%emt 0:00:30]} O-O {[%emt 0:00:00]} 8. h3 {[%emt 0:00:30]} Qd6 {[%emt 0:01:00]} 9. b4 {[%emt 0:09:30]} Bxb4 {[%emt 0:01:30]} 10. Bb2 {[%emt 0:00:30]} Nc6 {[%emt 0:10:30]} 11. c4 {[%emt 0:08:30]} dxc4 {[%emt 0:08:30]} 12. Bxc4 {[%emt 0:03:30]} Bf5 {[%emt 0:04:30]} 13. Qxd6 {[%emt 0:05:30]} Bxd6 {[%emt 0:00:30]} 14. Nc3 {[%emt 0:01:30]} Rac8 {[%emt 0:08:30]} 15. Nb5 {[%emt 0:05:30]} Bc5 {[%emt 0:00:30]} 16. Rac1 {[%emt 0:06:30]} b6 {[%emt 0:08:30]} 17. Ne5 {[%emt 0:12:30]} a6 {[%emt 0:00:30]} 18. Nxc6 {[%emt 0:01:30]} Rxc6 {[%emt 0:01:30]} 19. Nd4 {[%emt 0:00:30]} Bxd4 {[%emt 0:00:30]} 20. Bxd4 {[%emt 0:00:00]} Rfc8 {[%emt 0:00:30]} 21. g4 {[%emt 0:07:00]} Rxc4 {[%emt 0:12:30]} 22. Rxc4 {[%emt 0:01:30]} Rxc4 {[%emt 0:00:30]} 23. Bxf6 {[%emt 0:00:30]} Bxg4 {[%emt 0:00:00]} 24. Bd8 {[%emt 0:03:30]} Bxh3 {[%emt 0:00:00]} 25. Re1 {[%emt 0:00:00]} Be6 {[%emt 0:00:30]} 26. Bxb6 {[%emt 0:00:00]} Ra4 {[%emt 0:00:30]} 27. Kg2 {[%emt 0:03:30]} Rxa2 {[%emt 0:00:30]} 28. Kg3 {[%emt 0:00:30]} Ra3+ {[%emt 0:03:30]} 29. Kf4 {[%emt 0:00:30]} h5 {[%emt 0:04:30]} 30. Kg5 {[%emt 0:08:30]} f6+ {[%emt 0:02:30]} 31. Kxh5 {[%emt 0:00:30]} Rh3+ {[%emt 0:00:30]} 0-1

[Event "1st Sivas Buruciye Open 2019"]
[Site "Sivas"]
[Date "2019.08.21"]
[Round "5"]
[White "Caputcuoglu, Zeki Berke"]
[Black "Odeev, Handszar"]
[Result "1/2-1/2"]
[WhiteElo "2004"]
[BlackElo "2360"]
[Annotator "NA"]
[PlyCount "55"]
[EventDate "2019.08.19"]
[EventType "swiss"]
[EventCountry "TUR"]
[SourceTitle "playchess.com"]
[Source "ChessBase"]
[SourceQuality "1"]
[TimeControl "5400+30"]

1. Nf3 {[%emt 0:01:30]} d6 {[%emt 0:06:30]} 2. d4 {[%emt 0:00:30]} Nf6 {[%emt 0:01:30]} 3. Nc3 {[%emt 0:00:30]} Bf5 {[%emt 0:01:30]} 4. Nh4 {[%emt 0:00:30]} Bd7 {[%emt 0:06:30]} 5. e4 {[%emt 0:02:30]} e5 {[%emt 0:00:30]} 6. Nf3 {[%emt 0:02:30]} exd4 {[%emt 0:05:30]} 7. Nxd4 {[%emt 0:01:30]} g6 {[%emt 0:00:00]} 8. f3 {[%emt 0:02:30]} Bg7 {[%emt 0:03:00]} 9. Be3 {[%emt 0:00:30]} O-O {[%emt 0:05:30]} 10. Qd2 {[%emt 0:02:30]} c6 {[%emt 0:33:30]} 11. Be2 {[%emt 0:08:30]} d5 {[%emt 0:11:30]} 12. exd5 {[%emt 0:05:30]} cxd5 {[%emt 0:00:30]} 13. O-O {[%emt 0:03:30]} Nc6 {[%emt 0:00:30]} 14. Nxc6 {[%emt 0:03:30]} bxc6 {[%emt 0:00:30]} 15. Na4 {[%emt 0:11:30]} Re8 {[%emt 0:02:41]} 16. Bd4 {[%emt 0:18:30]} Nh5 {[%emt 0:00:22]} 17. Bxg7 {[%emt 0:00:30]} Nxg7 {[%emt 0:00:08]} 18. Rfe1 {[%emt 0:02:30]} Ne6 {[%emt 0:01:04]} 19. b3 {[%emt 0:02:30]} Qf6 {[%emt 0:00:39]} 20. Bf1 {[%emt 0:00:30]} h5 {[%emt 0:00:41]} 21. c4 {[%emt 0:06:30]} d4 {[%emt 0:01:21]} 22. Nb2 {[%emt 0:01:30]} h4 {[%emt 0:01:30]} 23. h3 {[%emt 0:00:30]} Ng5 {[%emt 0:04:09]} 24. Kh1 {[%emt 0:03:49]} Re3 {[%emt 0:03:18]} 25. Rxe3 {[%emt 0:05:19]} dxe3 {[%emt 0:00:02]} 26. Qxe3 {[%emt 0:00:00]} Qxb2 {[%emt 0:00:41]} 27. Rd1 {[%emt 0:00:00]} Nxh3 {[%emt 0:04:36]} 28. Rxd7 {[%emt 0:02:32]} 1/2-1/2

[Event "1st Sivas Buruciye Open 2019"]
[Site "Sivas"]
[Date "2019.08.21"]
[Round "5"]
[White "Amanmuradow, Atajan"]
[Black "Sabahi, Ali Can"]
[Result "1-0"]
[WhiteElo "1794"]
[BlackElo "1825"]
[Annotator "NA"]
[PlyCount "75"]
[EventDate "2019.08.19"]
[EventType "swiss"]
[EventCountry "TUR"]
[SourceTitle "playchess.com"]
[Source "ChessBase"]
[SourceQuality "1"]
[TimeControl "5400+30"]

1. Nf3 {[%emt 0:00:30]} e6 {[%emt 0:04:30]} 2. d4 {[%emt 0:00:00]} Nf6 {[%emt 0:00:30]} 3. Nbd2 {[%emt 0:00:00]} c5 {[%emt 0:00:30]} 4. e3 {[%emt 0:00:30]} d5 {[%emt 0:02:30]} 5. a3 {[%emt 0:03:30]} b6 {[%emt 0:03:30]} 6. b3 {[%emt 0:00:30]} Bd6 {[%emt 0:00:00]} 7. Bb2 {[%emt 0:00:30]} O-O {[%emt 0:00:00]} 8. Bd3 {[%emt 0:00:30]} Ba6 {[%emt 0:00:30]} 9. c4 {[%emt 0:00:00]} Nbd7 {[%emt 0:02:30]} 10. O-O {[%emt 0:00:00]} Rc8 {[%emt 0:01:30]} 11. Qe2 {[%emt 0:01:30]} Re8 {[%emt 0:07:30]} 12. Ne5 {[%emt 0:04:30]} Qc7 {[%emt 0:01:30]} 13. f4 {[%emt 0:01:30]} Bb7 {[%emt 0:01:30]} 14. Rac1 {[%emt 0:06:30]} Qb8 {[%emt 0:01:30]} 15. Ndf3 {[%emt 0:11:30]} Nf8 {[%emt 0:02:30]} 16. Ng5 {[%emt 0:20:30]} Re7 {[%emt 0:03:30]} 17. Bb1 {[%emt 0:13:30]} Ne4 {[%emt 0:13:30]} 18. Nxe4 {[%emt 0:10:30]} dxe4 {[%emt 0:00:30]} 19. Rcd1 {[%emt 0:00:30]} f6 {[%emt 0:03:30]} 20. Ng4 {[%emt 0:00:30]} Ng6 {[%emt 0:03:30]} 21. d5 {[%emt 0:06:30]} f5 {[%emt 0:05:30]} 22. Nf2 {[%emt 0:03:39]} e5 {[%emt 0:04:30]} 23. g3 {[%emt 0:01:45]} exf4 {[%emt 0:00:30]} 24. gxf4 {[%emt 0:00:17]} Nh4 {[%emt 0:02:30]} 25. Nh3 {[%emt 0:05:09]} Nf3+ {[%emt 0:00:30]} 26. Kh1 {[%emt 0:00:00]} Rf7 {[%emt 0:12:30]} 27. Ng1 {[%emt 0:00:22]} Nh4 {[%emt 0:01:30]} 28. Qh5 {[%emt 0:00:18]} Be7 {[%emt 0:04:27]} 29. Be5 {[%emt 0:01:46]} Qa8 {[%emt 0:01:04]} 30. Rf2 {[%emt 0:04:50]} Rcf8 {[%emt 0:01:46]} 31. Nh3 {[%emt 0:01:05]} Qc8 {[%emt 0:10:19]} 32. Rg1 {[%emt 0:01:09]} Nf3 {[%emt 0:01:07]} 33. Rxf3 {[%emt 0:01:02]} exf3 {[%emt 0:00:10]} 34. Ng5 {[%emt 0:00:09]} Bxg5 {[%emt 0:00:10]} 35. Rxg5 {[%emt 0:00:09]} f2 {[%emt 0:00:30]} 36. Kg2 {[%emt 0:00:00]} h6 {[%emt 0:05:21]} 37. Kf1 {[%emt 0:00:00]} Qd7 {[%emt 0:00:40]} 38. Qxh6 {[%emt 0:00:00]} 1-0

[Event "1st Sivas Buruciye Open 2019"]
[Site "Sivas"]
[Date "2019.08.21"]
[Round "5"]
[White "Karahan, Anil"]
[Black "Ciblakbas, Sertan"]
[Result "1/2-1/2"]
[WhiteElo "1721"]
[BlackElo "1720"]
[Annotator "NA"]
[PlyCount "75"]
[EventDate "2019.08.19"]
[EventType "swiss"]
[EventCountry "TUR"]
[SourceTitle "playchess.com"]
[Source "ChessBase"]
[SourceQuality "1"]
[TimeControl "5400+30"]

1. Nf3 {[%emt 0:03:30]} d5 {[%emt 0:00:30]} 2. g3 {[%emt 0:02:30]} g6 {[%emt 0:00:30]} 3. Bg2 {[%emt 0:00:30]} Bg7 {[%emt 0:00:00]} 4. d4 {[%emt 0:00:00]} Nf6 {[%emt 0:01:00]} 5. O-O {[%emt 0:00:00]} O-O {[%emt 0:00:30]} 6. c4 {[%emt 0:00:30]} c6 {[%emt 0:02:30]} 7. Nbd2 {[%emt 0:00:30]} a5 {[%emt 0:10:30]} 8. cxd5 {[%emt 0:09:30]} cxd5 {[%emt 0:05:30]} 9. Ne5 {[%emt 0:00:30]} Nc6 {[%emt 0:04:30]} 10. Ndf3 {[%emt 0:05:30]} Qb6 {[%emt 0:09:30]} 11. b3 {[%emt 0:06:30]} Ne4 {[%emt 0:06:30]} 12. Nxc6 {[%emt 0:04:30]} bxc6 {[%emt 0:03:30]} 13. Ba3 {[%emt 0:01:30]} Re8 {[%emt 0:05:30]} 14. Rc1 {[%emt 0:05:30]} Ba6 {[%emt 0:08:30]} 15. Ne5 {[%emt 0:18:30]} Rac8 {[%emt 0:03:30]} 16. Re1 {[%emt 0:02:30]} Bxe5 {[%emt 0:01:30]} 17. Bxe4 {[%emt 0:00:00]} Qxd4 {[%emt 0:00:30]} 18. Qxd4 {[%emt 0:01:00]} Bxd4 {[%emt 0:00:30]} 19. Bf3 {[%emt 0:00:00]} Bb6 {[%emt 0:04:30]} 20. Bc5 {[%emt 0:00:00]} Bc7 {[%emt 0:01:30]} 21. e4 {[%emt 0:02:30]} e6 {[%emt 0:02:30]} 22. Rc2 {[%emt 0:01:30]} Bb7 {[%emt 0:03:30]} 23. e5 {[%emt 0:01:30]} Kg7 {[%emt 0:05:08]} 24. Bg4 {[%emt 0:01:30]} h5 {[%emt 0:00:16]} 25. Bh3 {[%emt 0:02:30]} Bd8 {[%emt 0:03:11]} 26. f4 {[%emt 0:02:30]} Be7 {[%emt 0:00:01]} 27. Kf2 {[%emt 0:01:30]} Bxc5+ {[%emt 0:03:56]} 28. Rxc5 {[%emt 0:00:30]} Ra8 {[%emt 0:00:00]} 29. Ke3 {[%emt 0:02:30]} Kf8 {[%emt 0:01:24]} 30. Kd4 {[%emt 0:00:30]} Ke7 {[%emt 0:00:31]} 31. Rec1 {[%emt 0:00:30]} Kd7 {[%emt 0:01:00]} 32. Bf1 {[%emt 0:01:30]} Rec8 {[%emt 0:01:38]} 33. R1c2 {[%emt 0:04:30]} Kc7 {[%emt 0:02:37]} 34. Bb5 {[%emt 0:00:55]} Kb6 {[%emt 0:00:09]} 35. Bd3 {[%emt 0:03:01]} Ba6 {[%emt 0:01:40]} 36. Bxa6 {[%emt 0:02:54]} Rxa6 {[%emt 0:00:01]} 37. Rc1 {[%emt 0:00:00]} Rc7 {[%emt 0:03:46]} 38. h4 {[%emt 0:00:19]} 1/2-1/2

[Event "1st Sivas Buruciye Open 2019"]
[Site "Sivas"]
[Date "2019.08.21"]
[Round "5"]
[White "Var, Sefa"]
[Black "Shahlarov, Faig"]
[Result "0-1"]
[WhiteElo "1698"]
[BlackElo "1798"]
[Annotator "NA"]
[PlyCount "124"]
[EventDate "2019.08.19"]
[EventType "swiss"]
[EventCountry "TUR"]
[SourceTitle "playchess.com"]
[Source "ChessBase"]
[SourceQuality "1"]
[TimeControl "5400+30"]

1. e4 {[%emt 0:12:30]} c5 {[%emt 0:00:30]} 2. Nf3 {[%emt 0:00:00]} d6 {[%emt 0:00:00]} 3. d4 {[%emt 0:01:00]} cxd4 {[%emt 0:00:00]} 4. Nxd4 {[%emt 0:00:30]} Nf6 {[%emt 0:00:30]} 5. Nc3 {[%emt 0:00:00]} a6 {[%emt 0:00:30]} 6. Bg5 {[%emt 0:01:00]} Nbd7 {[%emt 0:03:30]} 7. Qe2 {[%emt 0:00:30]} Qc7 {[%emt 0:05:30]} 8. f4 {[%emt 0:06:30]} b5 {[%emt 0:02:30]} 9. Bxf6 {[%emt 0:05:30]} Nxf6 {[%emt 0:00:30]} 10. e5 {[%emt 0:01:30]} dxe5 {[%emt 0:12:30]} 11. fxe5 {[%emt 0:01:30]} b4 {[%emt 0:01:30]} 12. Ncb5 {[%emt 0:06:30]} axb5 {[%emt 0:04:30]} 13. Nxb5 {[%emt 0:00:30]} Qc5 {[%emt 0:08:30]} 14. exf6 {[%emt 0:01:30]} gxf6 {[%emt 0:12:30]} 15. Qc4 {[%emt 0:21:30]} Qxc4 {[%emt 0:05:30]} 16. Bxc4 {[%emt 0:00:00]} Rb8 {[%emt 0:00:30]} 17. Rd1 {[%emt 0:06:00]} Bh6 {[%emt 0:08:30]} 18. Nc7+ {[%emt 0:06:30]} Kf8 {[%emt 0:00:30]} 19. Rd8+ {[%emt 0:00:30]} Kg7 {[%emt 0:00:30]} 20. Rxh8 {[%emt 0:00:30]} Kxh8 {[%emt 0:00:00]} 21. Bxf7 {[%emt 0:01:30]} Bf5 {[%emt 0:00:00]} 22. Bb3 {[%emt 0:07:59]} Bxc2 {[%emt 0:00:30]} 23. Bxc2 {[%emt 0:00:50]} Rc8 {[%emt 0:00:30]} 24. Ke2 {[%emt 0:01:20]} Rxc7 {[%emt 0:00:00]} 25. Bd3 {[%emt 0:00:48]} Kg7 {[%emt 0:01:00]} 26. Rf1 {[%emt 0:02:07]} Bc1 {[%emt 0:01:30]} 27. b3 {[%emt 0:03:05]} Bg5 {[%emt 0:03:30]} 28. h4 {[%emt 0:01:14]} Bh6 {[%emt 0:00:30]} 29. g4 {[%emt 0:01:52]} Rd7 {[%emt 0:01:30]} 30. Rf5 {[%emt 0:00:51]} Bc1 {[%emt 0:05:30]} 31. Rh5 {[%emt 0:00:19]} h6 {[%emt 0:00:30]} 32. Rc5 {[%emt 0:00:01]} Bf4 {[%emt 0:00:30]} 33. Rc4 {[%emt 0:01:20]} Bd6 {[%emt 0:00:30]} 34. Rc8 {[%emt 0:00:18]} Ra7 {[%emt 0:00:00]} 35. Rc2 {[%emt 0:03:27]} Ra5 {[%emt 0:00:00]} 36. Kf3 {[%emt 0:02:50]} Rd5 {[%emt 0:00:30]} 37. Be4 {[%emt 0:01:40]} Rd1 {[%emt 0:00:30]} 38. h5 {[%emt 0:00:14]} Rh1 {[%emt 0:00:30]} 39. Bd5 {[%emt 0:00:51]} Rh3+ {[%emt 0:01:30]} 40. Ke4 {[%emt 0:00:57]} f5+ {[%emt 0:04:28]} 41. Kxf5 {[%emt 0:00:58]} Re3 {[%emt 0:00:07]} 42. Be4 {[%emt 0:00:59]} Kf7 {[%emt 0:01:16]} 43. Bd5+ {[%emt 0:00:20]} e6+ {[%emt 0:00:12]} 44. Bxe6+ {[%emt 0:00:30]} Rxe6 {[%emt 0:00:30]} 45. Rc4 {[%emt 0:00:30]} Re5+ {[%emt 0:00:30]} 46. Kf4 {[%emt 0:00:30]} Ra5+ {[%emt 0:00:30]} 47. Ke4 {[%emt 0:00:30]} Rxa2 {[%emt 0:00:30]} 48. Kd5 {[%emt 0:00:30]} Rd2+ {[%emt 0:00:30]} 49. Kc6 {[%emt 0:00:30]} Kf6 {[%emt 0:00:30]} 50. Re4 {[%emt 0:00:30]} Kg5 {[%emt 0:00:30]} 51. Re6 {[%emt 0:00:00]} Bf4 {[%emt 0:11:44]} 52. Rg6+ {[%emt 0:00:11]} Kh4 {[%emt 0:00:34]} 53. Kc5 {[%emt 0:00:11]} Bg5 {[%emt 0:00:27]} 54. Kxb4 {[%emt 0:00:53]} Kxg4 {[%emt 0:00:08]} 55. Kc3 {[%emt 0:00:09]} Rd8 {[%emt 0:00:13]} 56. Re6 {[%emt 0:00:29]} Kxh5 {[%emt 0:00:09]} 57. Re4 {[%emt 0:01:32]} Kg6 {[%emt 0:00:21]} 58. b4 {[%emt 0:02:05]} h5 {[%emt 0:00:13]} 59. Kc4 {[%emt 0:00:00]} h4 {[%emt 0:00:18]} 60. Re1 {[%emt 0:00:40]} Kf5 {[%emt 0:00:11]} 61. b5 {[%emt 0:00:00]} Bf4 {[%emt 0:00:07]} 62. b6 {[%emt 0:00:01]} h3 {[%emt 0:00:13]} 0-1